000 00411nam a2200181Ia 4500
001 15794
005 20260306170222.0
008 260306t2006||||xx |||||||||||||| ||und||
041 _aESP
082 _a620.106
_bC87
100 _aCrowe, Clayton T.
_eAUT
245 0 _aMecánica de fluidos
260 _c2006
300 _a711 páginas :
_c
650 _aGEN
654 _aCII
942 _cLIB
_dJUS
_fJUS
_2ddc
_n
999 _c15794
_d15794